Salta al contenuto

Культура повседневности: учебный практикум по направлению подготовки 51.03.01 Культурология, профилю «Музеология и арт-проектирование»

Учебный практикум по дисциплине «Культура повседневности» разработан в соответствии с требованиями Федерального закона от 29.12.2012 № 273-ФЗ (ред. от 28.02.2025) «Об образовании в Российской Федерации» (с изм. и доп., вступ. в силу с 11.03.2025), ФГОС ВО по направлению подготовки 51.03.01 Культурол...

Descrizione completa

Salvato in:
Dettagli Bibliografici
Natura: Книга
Lingua:Russian
Pubblicazione: Самара СГИК 2025
Accesso online:https://e.lanbook.com/book/494321
https://e.lanbook.com/img/cover/book/494321.jpg
Tags: Aggiungi Tag
Nessun Tag, puoi essere il primo ad aggiungerne! !
LEADER 01688nam0a2200229 i 4500
001 494321
003 RuSpLAN
005 20250625161321.0
008 250625s2025 ru gs 000 0 rus
040 |a RuSpLAN 
041 0 |a rus 
044 |a ru 
245 0 0 |a Культура повседневности: учебный практикум по направлению подготовки 51.03.01 Культурология, профилю «Музеология и арт-проектирование» 
260 |a Самара  |b СГИК  |c 2025 
300 |a 60 с. 
504 |a Библиогр.: доступна в карточке книги, на сайте ЭБС Лань 
520 8 |a Учебный практикум по дисциплине «Культура повседневности» разработан в соответствии с требованиями Федерального закона от 29.12.2012 № 273-ФЗ (ред. от 28.02.2025) «Об образовании в Российской Федерации» (с изм. и доп., вступ. в силу с 11.03.2025), ФГОС ВО по направлению подготовки 51.03.01 Культурология, утвержденного приказом Минобрнауки России от 06.12.2017 № 1177, и в соответствии с учебными планами СГИК. 
521 8 |a Книга из коллекции СГИК - Социально-гуманитарные науки 
521 8 |a СЭБ 
856 4 |u https://e.lanbook.com/book/494321 
856 4 8 |u https://e.lanbook.com/img/cover/book/494321.jpg 
953 |a https://e.lanbook.com/img/cover/book/494321.jpg 
Cannot write session to /tmp/vufind_sessions/sess_hl5fbpg0abo2o7jo9vij7bds2k